History of Japanese art
Contents: The British of Japan; imperial models; capital of peace and tranquillity; changing of the guard; splendor regained; forging new identity
שמור ב:
| מחבר ראשי: | |
|---|---|
| פורמט: | ספר |
| שפה: | Undetermined |
| יצא לאור: |
New Jersey
Pearson
2004
|
| נושאים: | |
| תגים: |
הוספת תג
אין תגיות, היה/י הראשונ/ה לתייג את הרשומה!
|
| Thư viện lưu trữ: | Trung tâm Học liệu Trường Đại học Cần Thơ |
|---|
| LEADER | 00675nam a2200205Ia 4500 | ||
|---|---|---|---|
| 001 | CTU_118580 | ||
| 008 | 210402s9999 xx 000 0 und d | ||
| 020 | |c 20282 | ||
| 082 | |a 709.52 | ||
| 082 | |b M411 | ||
| 100 | |a Mason, Penelope | ||
| 245 | 0 | |a History of Japanese art | |
| 245 | 0 | |c Penelope Mason ; Donald Dinwiddie revising author | |
| 260 | |a New Jersey | ||
| 260 | |b Pearson | ||
| 260 | |c 2004 | ||
| 520 | |a Contents: The British of Japan; imperial models; capital of peace and tranquillity; changing of the guard; splendor regained; forging new identity | ||
| 650 | |a Art, japanese | ||
| 904 | |i Truc | ||
| 980 | |a Trung tâm Học liệu Trường Đại học Cần Thơ | ||